| 000 | 00653nam a22002057a 4500 | ||
|---|---|---|---|
| 999 |
_c15847 _d15847 |
||
| 003 | AR-CdUCM | ||
| 008 | 190430b ||||| |||| 00| 0 spa d | ||
| 040 |
_aMUNICIPALIDAD PROVINCIAL DEL CUSCO _cBIBLIOTECA MUNICIPAL DEL CUSCO |
||
| 082 |
_a869.20 / _bL66 |
||
| 100 |
_aLima Quintana, Hamlet _917336 |
||
| 245 |
_aPampamapa : _bEn la huella del sur / |
||
| 260 |
_aBuenos Aires : _bIncograf, _c1962. |
||
| 300 |
_a35 páginas ; _c23 cm. |
||
| 505 | _aContenido: Poesía argentina. | ||
| 650 |
_aPoesía argentina _91657 |
||
| 650 |
_aVibora de la cruz _935044 |
||
| 650 |
_aSembrar el maiz _935045 |
||
| 942 |
_2ddc _cLIBROS |
||
| 945 |
_adavv _d30/04/2019 |
||